[Event "Brandenburg-ch Seniors 12th"]
[Site "Lindow/Mark"]
[Date "2004.09.25"]
[Round "9"]
[White "Kurz, Rudolf"]
[Black "Petersohn, Horst"]
[Result "1-0"]
[WhiteElo "1785"]
[BlackElo "1668"]
[PlyCount "53"]
[EventDate "2004.09.18"]
[EventType "swiss"]
[EventRounds "9"]
[EventCountry "GER"]
[SourceTitle "EXT 2006"]
[Source "ChessBase"]
[SourceDate "2005.11.24"]
[SourceVersion "1"]
[SourceVersionDate "2005.11.24"]
[SourceQuality "1"]

1. e4 c5 2. Nf3 Nc6 3. d4 cxd4 4. Nxd4 a6 5. Be3 e6 6. c3 Nge7 7. Nd2 Qc7 8. Bd3 Ng6 9. Rc1 Be7 10. 0-0 0-0 11. f4 d6 12. Qh5 Qa5 13. e5 dxe5 14. Nxc6 bxc6 15. Nc4 Qc7 16. Nxe5 Bd6 17. Rf3 Bxe5 18. fxe5 Qd8 19. Rh3 h6 20. Bxh6 gxh6 21. Bxg6 Qg5 22. Bxf7+ Rxf7 23. Rg3 Rf5 24. Rxg5+ hxg5 25. Qe8+ Kg7 26. Qxc6 Rb8 27. Qc7+ 1-0

[Event "Brandenburg-ch Seniors 12th"]
[Site "Lindow/Mark"]
[Date "2004.09.21"]
[Round "5"]
[White "Schmidt, Roland"]
[Black "Kurz, Rudolf"]
[Result "0-1"]
[WhiteElo "1613"]
[BlackElo "1785"]
[PlyCount "108"]
[EventDate "2004.09.18"]
[EventType "swiss"]
[EventRounds "9"]
[EventCountry "GER"]
[SourceTitle "EXT 2006"]
[Source "ChessBase"]
[SourceDate "2005.11.24"]
[SourceVersion "1"]
[SourceVersionDate "2005.11.24"]
[SourceQuality "1"]

1. d4 Nf6 2. c4 e6 3. a3 d5 4. e3 Nbd7 5. f4 dxc4 6. Bxc4 Nb6 7. Bd3 Bd7 8. Nf3 Bc6 9. 0-0 Bd6 10. Ne5 Be4 11. Nc3 Bxd3 12. Qxd3 c6 13. Ne4 Bc7 14. Bd2 Nbd5 15. b4 Nxe4 16. Qxe4 Nf6 17. Qc2 Qd5 18. Rac1 0-0 19. Qc5 Qa2 20. Rc2 Qxa3 21. Rc3 Qa2 22. Rc2 Qa4 23. Qc4 Bxe5 24. fxe5 Nd5 25. Ra2 Qb5 26. Qxb5 cxb5 27. Rc2 Rac8 28. Rfc1 Nb6 29. Rc7 Nc4 30. Rxc8 Rxc8 31. Kf2 Rc6 32. Ke2 Kf8 33. Be1 Ra6 34. Kf3 Ra3 35. Rc3 Ra1 36. Ke2 Ra2+ 37. Kf3 Rb2 38. Rd3 b6 39. h3 a5 40. bxa5 bxa5 41. g4 a4 42. Ke4 a3 43. Bc3 Rb1 44. d5 a2 45. d6 Ke8 46. Kd4 a1Q 47. Bxa1 Rxa1 48. Kc5 Rb1 49. Kd4 Kd7 50. e4 Rb4 51. Kc5 Nxe5 52. Ra3 Ra4 53. Rb3 Rc4+ 54. Kxb5 Rxe4 0-1

[Event "Brandenburg-ch Seniors 11th"]
[Site "Lindow"]
[Date "2003.09.21"]
[Round "2"]
[White "Wiebke, Elfriede"]
[Black "Kurz, Rudolf"]
[Result "0-1"]
[WhiteElo "1046"]
[BlackElo "1765"]
[PlyCount "62"]
[EventDate "2003.09.??"]
[EventType "swiss"]
[EventRounds "7"]
[EventCountry "GER"]
[SourceTitle "EXT 2006"]
[Source "ChessBase"]
[SourceDate "2005.11.24"]
[SourceVersion "1"]
[SourceVersionDate "2005.11.24"]
[SourceQuality "1"]

1. e4 c5 2. Bc4 Nc6 3. Nf3 e6 4. a3 Nf6 5. d3 Be7 6. 0-0 Qc7 7. h3 a6 8. Nc3 b5 9. Bb3 Bb7 10. Bg5 Ne5 11. Bf4 Nxf3+ 12. Qxf3 d6 13. Qg3 0-0 14. e5 Ne8 15. Ne4 Bxe4 16. dxe4 c4 17. Qc3 Qb7 18. Ba2 Qxe4 19. Qd2 dxe5 20. Rfe1 Qxf4 21. Qxf4 exf4 22. Rad1 Nf6 23. c3 Rad8 24. Rc1 Rd2 25. Rb1 Bc5 26. Rf1 Ne4 27. Kh2 Bxf2 28. Rxf2 Rxf2 29. Rd1 f3 30. Re1 Rxg2+ 31. Kh1 Ng3# 0-1

[Event "Brandenburg-ch Seniors 10th"]
[Site "Lindow"]
[Date "2002.09.20"]
[Round "6"]
[White "Wolf, Alfred"]
[Black "Kurz, Rudolf"]
[Result "0-1"]
[WhiteElo "1820"]
[BlackElo "1738"]
[PlyCount "124"]
[EventDate "2002.09.??"]
[EventType "swiss"]
[EventRounds "7"]
[EventCountry "GER"]
[SourceTitle "EXT 2006"]
[Source "ChessBase"]
[SourceDate "2005.11.24"]
[SourceVersion "1"]
[SourceVersionDate "2005.11.24"]
[SourceQuality "1"]

1. f4 d5 2. e3 Nf6 3. b3 Bg4 4. Nf3 Nbd7 5. Bb2 c6 6. Be2 Qc7 7. 0-0 e6 8. Ne5 Bxe2 9. Qxe2 Bd6 10. d4 Ne4 11. Nd2 Ndf6 12. Ndf3 Rc8 13. c4 c5 14. Rac1 b6 15. b4 0-0 16. bxc5 bxc5 17. Ba3 Qa5 18. Qd3 cxd4 19. Bxd6 Nxd6 20. cxd5 Qxd5 21. Qxd4 Nb5 22. Qb4 Ne4 23. Rcd1 Qc5 24. Qxc5 Nxc5 25. Rc1 f6 26. Rxc5 Rxc5 27. Nd7 Rc3 28. Nxf8 Kxf8 29. Rb1 Nd6 30. Rb3 Rc1+ 31. Kf2 Rc2+ 32. Ke1 Rxa2 33. g4 Ra5 34. h4 Rd5 35. Nd4 Kf7 36. Ra3 a5 37. Nc6 Nc4 38. Rc3 Nd6 39. Ra3 Nb7 40. Rb3 Nc5 41. Ra3 a4 42. Ke2 Rd6 43. Nd4 Ra6 44. Kf3 e5 45. Ne2 e4+ 46. Kg3 Rb6 47. Nd4 Rb4 48. f5 Nd3 49. Rc3 Rb7 50. Ne6 Ra7 51. Rc8 a3 52. Rf8+ Ke7 53. Rg8 Kd6 54. Nxg7 a2 55. g5 a1Q 56. Rd8+ Kc6 57. Rc8+ Kb7 58. Rc2 Qg1+ 59. Kh3 Nf2+ 60. Rxf2 Qxf2 61. g6 Qf3+ 62. Kh2 Ra2+ 0-1

[Event "Brandenburg-ch Seniors 10th"]
[Site "Lindow"]
[Date "2002.09.16"]
[Round "2"]
[White "Schatzberg, Wolfgang"]
[Black "Kurz, Rudolf"]
[Result "1-0"]
[WhiteElo "1931"]
[BlackElo "1738"]
[PlyCount "43"]
[EventDate "2002.09.??"]
[EventType "swiss"]
[EventRounds "7"]
[EventCountry "GER"]
[SourceTitle "EXT 2006"]
[Source "ChessBase"]
[SourceDate "2005.11.24"]
[SourceVersion "1"]
[SourceVersionDate "2005.11.24"]
[SourceQuality "1"]

1. d4 Nf6 2. c4 e5 3. dxe5 Ng4 4. Bf4 Bc5 5. e3 Bb4+ 6. Nd2 d6 7. exd6 cxd6 8. a3 Ba5 9. b4 Bc7 10. Ne4 Ne5 11. Bxe5 dxe5 12. Qxd8+ Kxd8 13. Rd1+ Ke7 14. Nf3 Bf5 15. Nc3 Be6 16. Nb5 Bd8 17. Nxe5 a5 18. Nd4 axb4 19. axb4 Ra4 20. Nxe6 Kxe6 21. Nd3 Nc6 22. Nc5+ 1-0

[Event "Brandenburg Seniors op 09th"]
[Site "Uckley"]
[Date "2000.09.29"]
[Round "7"]
[White "Junge, Karl Heinz"]
[Black "Kurz, Rudolf"]
[Result "1/2-1/2"]
[WhiteElo "1693"]
[BlackElo "1765"]
[PlyCount "33"]
[EventDate "2000.09.25"]
[EventType "swiss"]
[EventRounds "7"]
[EventCountry "GER"]
[SourceTitle "EXT 2006"]
[Source "ChessBase"]
[SourceDate "2005.11.24"]
[SourceVersion "1"]
[SourceVersionDate "2005.11.24"]
[SourceQuality "1"]

1. f4 d5 2. b3 Bf5 3. e3 e6 4. Nf3 Nf6 5. Bb2 Be7 6. Be2 c5 7. Ne5 0-0 8. d3 Nbd7 9. Nxd7 Qxd7 10. 0-0 Ne8 11. Nd2 Bf6 12. Bxf6 Nxf6 13. h3 h6 14. Nf3 Qc7 15. Ne5 Bh7 16. Qe1 Nd7 17. Nxd7 1/2-1/2

[Event "Brandenburg Seniors op 09th"]
[Site "Uckley"]
[Date "2000.09.26"]
[Round "2"]
[White "Kurz, Rudolf"]
[Black "Neubert, Gerhard"]
[Result "1/2-1/2"]
[WhiteElo "1765"]
[BlackElo "1969"]
[PlyCount "107"]
[EventDate "2000.09.25"]
[EventType "swiss"]
[EventRounds "7"]
[EventCountry "GER"]
[SourceTitle "EXT 2006"]
[Source "ChessBase"]
[SourceDate "2005.11.24"]
[SourceVersion "1"]
[SourceVersionDate "2005.11.24"]
[SourceQuality "1"]

1. e4 g6 2. d4 Bg7 3. Nf3 d6 4. Bc4 Nf6 5. Nc3 c6 6. Be3 0-0 7. h3 Nxe4 8. Nxe4 d5 9. Bd3 dxe4 10. Bxe4 Nd7 11. c4 Nf6 12. Bd3 e6 13. 0-0 a5 14. Qc2 Qc7 15. Rad1 b6 16. Ne5 Bb7 17. f4 Rab8 18. g4 Nd7 19. Nxd7 Qxd7 20. Be4 f5 21. gxf5 exf5 22. Bg2 Rfe8 23. Qb3 a4 24. Qd3 Rbd8 25. Bf2 Qd6 26. Qf3 Re4 27. Be3 Rxe3 28. Qxe3 Bxd4 29. Rxd4 Qxd4 30. Re1 Kf8 31. b3 Qxe3+ 32. Rxe3 Rd1+ 33. Kf2 Rd2+ 34. Re2 Rxe2+ 35. Kxe2 axb3 36. axb3 Ke7 37. b4 Kd6 38. Ke3 Ba6 39. Kd3 Bc8 40. h4 Be6 41. Bf3 c5 42. b5 Bf7 43. Be2 Ke7 44. Ke3 Kf6 45. Kf3 h6 46. Kg3 g5 47. hxg5+ hxg5 48. Bd3 Be6 49. Be2 Bc8 50. Bf1 Bb7 51. Bd3 Be4 52. Be2 Kg6 53. Bf1 gxf4+ 54. Kxf4 1/2-1/2

[Event "Brandenburg Seniors op 09th"]
[Site "Uckley"]
[Date "2000.09.25"]
[Round "1"]
[White "Kurz, Rudolf"]
[Black "Mueller, Guenter"]
[Result "1-0"]
[WhiteElo "1765"]
[BlackElo "1440"]
[PlyCount "45"]
[EventDate "2000.09.25"]
[EventType "swiss"]
[EventRounds "7"]
[EventCountry "GER"]
[SourceTitle "EXT 2006"]
[Source "ChessBase"]
[SourceDate "2005.11.24"]
[SourceVersion "1"]
[SourceVersionDate "2005.11.24"]
[SourceQuality "1"]

1. e4 c5 2. Nf3 e6 3. d4 cxd4 4. Nxd4 b6 5. Bf4 Be7 6. Nb5 d5 7. Nc7+ Kf8 8. Nxa8 Bd6 9. Bxd6+ Qxd6 10. Qd3 Bb7 11. Nxb6 Qxb6 12. Qa3+ Ne7 13. Nc3 dxe4 14. 0-0-0 f6 15. Rd6 Nbc6 16. Bb5 Kf7 17. Qb3 Bc8 18. Qc4 Qxf2 19. Bxc6 Qf4+ 20. Rd2 Rd8 21. Rhd1 Nxc6 22. Qxc6 e5 23. Qc7+ 1-0